| 000 | 01686nam0a2200337 4500 | ||
|---|---|---|---|
| 001 | RU\NLR\bibl\431381 | ||
| 005 | 20260407082056.0 | ||
| 021 |
_aRU _b2003-29858 _91408 |
||
| 035 | _a(NLR Aleph) 000425230 | ||
| 090 |
_a720165 _c720165 |
||
| 100 | _a20030805d2003 |||y0rusy50 ca | ||
| 101 | 0 | _arus | |
| 102 | _aRU | ||
| 105 | _ay ||||||||| | ||
| 200 | 1 |
_aИнвестиции _eХрестоматия для дистанц. обучения по специальностям 061000 "Гос. и муницип. упр.", 06400 "Финансы и кредит" _fРос. акад. гос. службы при Президенте Рос. Федерации, Сиб. акад. гос. службы, [Ин-т переподгот. специалистов] _gСост. В.М. Алферов, В.И. Огородников |
|
| 210 |
_aНовосибирск _cСибАГС _d2003 |
||
| 215 |
_a74, [1] с. _d29 |
||
| 606 | 0 |
_aИнвестиции капитала _jХрестоматии _yРоссийская Федерация _92084885 _3RU\NLR\auth\661260982 |
|
| 610 | 0 | _aКапитальные вложения - Нормативные и руководящие материалы - Хрестоматии | |
| 675 |
_a336.581(075.8) _v3 _zrus |
||
| 686 |
_a06.75 _2rugasnti |
||
| 686 |
_a65.262.2я73 _2rubbk |
||
| 686 | _aУ9(2)-56(2Р)я73 | ||
| 702 | 1 |
_aАлферов _bВ. М. _4220 |
|
| 712 | 0 | 2 |
_4570 _aРоссийская академия государственной службы _3RU\NLR\AUTH\887664 _9287515 |
| 801 | 0 |
_aRU _bRKP _c20030805 _gPSBO |
|
| 801 | 1 |
_aRU _bRKP _c20030805 |
|
| 801 | 2 |
_aRU _bNLR _c20030912 _grcr |
|
| 942 | _cBOOK | ||
| 980 | _aNB | ||